Gestión de riesgos para la prevención y mitigación de desastres en el patrimonio documental / (Registro nro. 14145)

Detalles MARC
000 -LIDER
fixed length control field 01950nam a2200325 a 4500
001 - NÚMERO DE CONTROL
Identificador de número de control
003 - IDENTIFICACDOR DE NÚMERO DE CONTROL
control field DO-SdBNP
005 - DATE AND TIME OF LATEST TRANSACTION
control field 20220407081747.0
008 - ELEMENTOS DE LONGITUD FIJA
fixed length control field 091013s2009 dr 001 0 spa d
020 ## - ISBN
International Standard Book Number 9789945020717
040 ## - FUENTE DE CATALOGACIÓN
Agencia que crea de manera original el registro DO-SdBNP
Idioma de catalogación spa
Agencia que realiza la transcripción BPMSU
082 ## - NÚMERO DE CLASIFICACIÓN DECIMAL DE DEWEY
Classification number 025.84
Item number G393r 2009
Edition number 22
245 00 - MENCIÓN DE TITULO
Título Gestión de riesgos para la prevención y mitigación de desastres en el patrimonio documental /
Mención de responsabilidad Sofía Borrego Alonso... [et al.] ; edición Lillibel Noemí Blanco Fernández.
260 ## - PUBLICACIÓN, DISTRIBUCIÓN, ETC. (PIE DE IMPRENTA)
Lugar de publicación, distribución, etc Santo Domingo :
Nombre del editor, distribuidor, etc. Archivo General de la Nación,
Fecha de publicación, distribución, etc 2009.
300 ## - DESCRIPCIÓN FÍSICA
Extensión 148 p. :
Otros detalles físicos il., retr. ;
Dimensiones 23 cm.
490 0# - MENCIÓN DE SERIES
Mención de serie Archivo General de la Nación,
Volume/sequential designation 84
504 ## - NOTA DE BIBLIOGRAFÍA, ETC.
Bibliography, etc Incluye bibligrafía (p. 85 -87 )
505 0# - NOTA DE CONTENIDO
Texto normalizado de contenido Introducción 9 -- TIPOLOGÍA DE DESASTRES Y FENÓMENOS DE DESTRUCCIÓN ASOCIADOS 13 -- Clasificación de los desastres según su extensión 13 -- Clasificación según su naturaleza 15 -- Fenómenos de destrucción asociados 20 -- PLANIFICACIÓN PARA ENFRENTAR SITUACIONES DE DESASTRES 23 -- Otros aspectos en tener en cuenta en el proceso de planificación 26 -- Personal implicado en el proceso de planificación. Asignación de responsabilidades 27 -- Aspectos a tener en cuenta para la definición del plan de trabajo del equipo de desastre 33 -- Redacción del plan 41 -- Mantenimiento del plan 43 -- Prevención 43 -- Adquisición de medios materiales 51 -- INTERVENCIÖN O RESPUESTA 61 -- Salvamento y rescate del patrimonio documental afectado 66
590 ## - NOTA LOCAL
Enlace Inventariado,2022/VM
650 #4 - ENCABEZAMIENTO DE MATERIA--TEMÁTICO
Término temático o nombre geográfico como elemento de entrada Conservación y restauración de documentos
650 #4 - ENCABEZAMIENTO DE MATERIA--TEMÁTICO
Término temático o nombre geográfico como elemento de entrada Conservación y restauración de manuscritos
700 1# - ASIENTO SECUNDARIO -- NOMBRE PERSONAL
Nombre personal Borrego Alonso, Sofía
700 1# - ASIENTO SECUNDARIO -- NOMBRE PERSONAL
Nombre personal Dorta Valdéz, Maritza
700 1# - ASIENTO SECUNDARIO -- NOMBRE PERSONAL
Nombre personal Pérez Lara, Ana
700 1# - ASIENTO SECUNDARIO -- NOMBRE PERSONAL
Nombre personal Mirabal Villason, Maritza
700 1# - ASIENTO SECUNDARIO -- NOMBRE PERSONAL
Nombre personal Blanco Fernández, Lillibel Noemí
710 2# - ASIENTO SECUNDARIO -- NOMBRE CORPORATIVO
Nombre corporativo o de jurisdicción Archivo General de la Nación (República Dominicana)
910 ## - VALIDACIÓN
Validación VMateo V.
942 ## - ADDED ENTRY ELEMENTS (KOHA)
Source of classification or shelving scheme Dewey Decimal Classification
Koha item type Libros
Existencias
Withdrawn status Lost status Source of classification or shelving scheme Damaged status Not for loan Collection code Home library Current library Date acquired Source of acquisition Total Checkouts Full call number Barcode Date last seen Price effective from Koha item type Copy number
    Dewey Decimal Classification     Colección Dominicana Biblioteca Pública Metropolitana Salomé Ureña Biblioteca Pública Metropolitana Salomé Ureña 04/07/2022 Fundacón Juan Bosch   BPMSU CD 025.84 G393r 2009 BPMSU22040016 04/07/2022 04/07/2022 Libros  
    Dewey Decimal Classification     Colección Dominicana Biblioteca Pública Metropolitana Salomé Ureña Biblioteca Pública Metropolitana Salomé Ureña 04/07/2022 Fundacón Juan Bosch   BPMSU CD 025.84 G393r 2009 BPMSU22040017 04/07/2022 04/07/2022 Libros e.2
    Dewey Decimal Classification     Colección Dominicana Biblioteca Pública Metropolitana Salomé Ureña Biblioteca Pública Metropolitana Salomé Ureña 04/07/2022 Fundacón Juan Bosch   BPMSU CD 025.84 G393r 2009 BPMSU22040018 04/07/2022 04/07/2022 Libros e.3